000 00677nam a2200181Ia 4500
008 151018s9999 xx 000 0 und d
082 _bRBASDV4415
_a891.463
100 _aआपटे गुरुजी
245 _aभारताचा लाडका मुलगा
250 _b1
260 _bमहाराष्ट्र ग्रंथ भांडार कोल्हापूर
_c1949
300 _a120
600 _aआपटे गुरुजी
630 _aभारताचा लाडका मुलगा
700 _aआपटे गुरुजी
730 _aभारताचा लाडका मुलगा
942 _cBOOK
999 _c1006814
_d1006811